000 00960nam a2200277 i 4500
001 19428
003 ES-MaACL
005 20240117062946.0
007 t|
008 020812s2002 sp af |||| | spa d
020 _a84-406-9964-6
080 _a791.44 Bardem, Juan Antonio
080 _a929 Bardem, Juan Antonio
100 1 _aBardem, Juan Antonio,
_d1922-2002
_925582
245 1 0 _aY todavía sigue:
_b[memorias de un hombre de cine] /
_cJuan Antonio Bardem.
250 _a1ª ed.
260 _aBarcelona :
_bEdiciones B,
_c2002.
300 _a370 p., [16] p. de lám. ;
_c24 cm.
490 1 _aMemorama
594 _aEn cub.: "He querido siempre dar testimonio crítico de un aquí y un ahora, porque el cine, o será testimonio, o no será nada."
600 1 4 _aBardem, Juan Antonio,
_d1922-2002
_925582
650 _aCine-
_zEspaña.
_911025
830 1 _aMemorama
_9182521
852 _aES-MaACL
_jL-25853
999 _c19428
_d19428